000 00758nam a2200241 i 4500
001 bg
245 1 0 _aWyznaczanie zmian zasobów wód podziemnych w rejonach zbiorników małej retencji /
_cpod red. Janusza Michalaka i Zbigniewa Nowickiego.
260 _aWarszawa :
_bPaństwowy Instytut Geologiczny,
_c2009.
300 _a109 s. :
_bil. ;
_c24 cm.
504 _aBibliogr. s. 95.
650 9 _aWody podziemne
_zPolska
650 9 _aRetencja (hydrol.)
_zPolska
700 1 _aMichalak, Janusz.
_eRed.
700 1 _aNowicki, Zbigniew.
_eRed.
020 _a9788375384512
040 _cBPK
041 _apol
044 _aPOL
080 _a556.15:556.3](438)
920 _a978-83-7538-451-2
942 _cKS
008 090820s2009 pl a f |000 0 pol
999 _c56682
_d56682
856 _uhttp://koha.tu.koszalin.pl/cgi-bin/koha/opac-detail.pl?biblionumber=56682
_yKatalog online BPK